| Record ID | marc_records_scriblio_net/part25.dat:214655214:808 |
| Source | Scriblio |
| Download Link | /show-records/marc_records_scriblio_net/part25.dat:214655214:808?format=raw |
LEADER: 00808cam 2200265 a 4500
001 96076262
003 DLC
005 19991206133509.0
008 960409s1996 caua 001 0 eng
010 $a 96076262
020 $a0764545027
040 $aDLC$cDLC$dDLC
050 00 $aHF5548.4.N68$bR634 1996
082 00 $a005.7/1369$221
100 1 $aRogers, Shawn B.
245 10 $aNovell's GroupWise 4 user's guide /$cShawn B. Rogers and Richard H. McTague.
260 $aSan Jose, CA :$bNovell Press,$cc1996.
300 $axxvii, 194 p. :$bill. ;$c23 cm.
500 $aIncludes index.
630 00 $aNovell GroupWise.
650 0 $aGroupware (Computer software)
650 0 $aElectronic mail systems.
650 0 $aElectronic calendars.
650 0 $aScheduling$xComputer programs.
700 1 $aMcTague, Richard H.